000 00681nam a2200289Ia 4500
005 20260324133758.0
008 008 260324s9999 xx 000 0 eng d
020 _a9781315194028
037 _aEBOOK
040 _aCRL
040 _beng
040 _cCRL
041 _2eng
041 _aeng
084 _qCRL
100 _aMohammed Sharif
_91182438
245 0 _aWork Behavior of the World's Poor
245 0 _bTheory, Evidence and Policy
260 _bTaylor and Francis
260 _c2003
365 _a
365 _b140
856 _uhttp://www.taylorfrancis.com/books/9781315194028
942 _cEBOOK
999 _c1793766
_d1793766